[Event "Pamplona"]
[Site "Pamplona"]
[Date "2003.12.22"]
[Round "3"]
[White "Sutovsky, Emil"]
[Black "Illescas Cordoba, Miguel"]
[Result "0-1"]
[WhiteElo "2646"]
[BlackElo "2602"]
[Annotator "Lukacs,P"]
[PlyCount "166"]
[EventDate "2003.12.20"]
[EventType "tourn"]
[EventRounds "7"]
[EventCountry "ESP"]
[EventCategory "15"]
[SourceTitle "CBM 099"]
[Source "ChessBase"]
[SourceDate "2004.03.30"]
[SourceVersion "1"]
[SourceVersionDate "2004.03.30"]
[SourceQuality "1"]

1. e4 c6 2. d4 d5 3. Nc3 dxe4 4. Nxe4 Bf5 5. Ng3 Bg6 6. h4 h6 7. Nf3 Nf6 8. Ne5
Bh7 9. Bd3 Bxd3 10. Qxd3 e6 11. Bd2 Nbd7 12. f4 Be7 13. O-O-O O-O 14. Qe2 Re8
$143 {This is the beginning of a passive plan.} (14... c5 {attacking White's 
[+] looks better.} 15. dxc5 (15. f5 $5 cxd4 16. Nxf7 Qc7 $1 {This is the
cold-blooded answer.} (16... Rxf7 $2 17. fxe6 Rf8 18. exd7 Qxd7 19. Bc3 $16)
17. fxe6 Qxg3 18. Bxh6 gxh6 19. exd7 Rxf7 $13 {Glek-Dautov, Julian Borowski-A
2000 CBM 77}) 15... Nxc5 16. Bc3 (16. c3 $6 {is not a frightening move as well.
} Qc7 17. f5 Rfe8 (17... exf5 $2 {taking on f5 brings only the opponent's bad
N into the battle.} 18. Nxf5 $40) 18. Qf3 Bd6 $1 {1/2:1/2 Macieja-Rustemov,
Swidnica 1999} (18... Qxe5 $4 19. Bf4 {wins the Q outright.})) (16. f5 $6 {
[#] This is an unfortunate try improving White's play.} Qd5 $1 {This
centralization is strong.} 17. Kb1 (17. c4 $4 Qxe5 $1 $19) 17... Nfe4 {
Continuing the centralization.} 18. Nxe4 (18. Bf4 Nxg3 19. Bxg3 Qe4 $1) 18...
Qxe5 (18... Nxe4 $4 19. Bf4 $18) (18... Qxe4 $5 19. Qxe4 Nxe4 20. fxe6 Nf2 21.
exf7+ Kh7 $17) 19. Nc3 Qxe2 (19... Qxf5 $5 {hunting for the P is a bit risky:}
20. g4 Qg6 21. Rdf1 $44) 20. Nxe2 Ne4 21. Be3 exf5 22. Rd7 (22. Nd4 $2 g6 $1
$19) (22. Rd5 $6 g6 23. Bxh6 Rfd8 24. Rxd8+ Rxd8 25. Bf4 Bc5 $15 {
Macieja-Murdzia, Swidnica 1999 CBM 71}) 22... Bc5 23. Bxc5 Nxc5 24. Rd5 $11 {
was the easy way for equaliying the _|_.}) 16... Qc7 17. f5 {(Adams-Leko,
Linares 1999 CBM 70)} Nd5 $1 18. Bd4 (18. Rxd5 $2 {is completely incorrect.}
exd5 19. Nh5 (19. Qg4 Bf6) 19... Ne4 20. Qg4 Bf6 $17) (18. fxe6 $2 {destroys
his own K's position.} Nxc3 19. exf7+ Rxf7 20. bxc3 Na4 $1 21. Nxf7 Ba3+ 22.
Kd2 Qxg3 $17) 18... Rad8 $1 $132 {Vuckovic-Prelevic, Yugoslavia 2000}) 15. Rhe1
Bf8 $6 {Following the wrong, passive plan.} (15... Qc7 16. Ne4 Nxe4 17. Qxe4
Nf6 18. Qf3 c5 19. dxc5 Bxc5 20. g4 $40 {/\ g5 and here we see how important
is that the P is on h4 instead of h5.}) (15... Bd6 16. Nh5 $14) 16. f5 $1 Nb6 (
16... c5 {can already be met by the aggressive} 17. Nxf7 $5 (17. Bc3 $14) 17...
Kxf7 18. fxe6+ Kg8 19. Qf3 Nb6 20. dxc5 Nbd5 21. c4 $44) 17. Qd3 (17. fxe6 Rxe6
18. Nf5 {is the other attacking plan.} Qd5 19. Kb1 Rae8 (19... Nc4 20. g4 Rae8
21. Qxc4 Rxe5 22. Qxd5 Rxd5 23. Rxe8 Nxe8 24. c4 $14 {with a somewhat better
_|_ for White.}) 20. g4 $40) 17... c5 18. fxe6 Rxe6 {[#]} 19. Nxf7 $2 {White
clearly overestimates his attacking possibilities against the K in the middle.}
({Both} 19. dxc5 $1 Bxc5 20. Bxh6 $1 (20. Qxd8+ Rxd8 21. Nd3 Bd4 22. Nf5 Nc4
$11) 20... Qc7 (20... Qxd3 21. Nxd3) (20... Rd6 21. Qb3) 21. Nf5 $1 $40 {
Illescas}) ({and} 19. Nf5 $1 {were promising.} Qc7 (19... cxd4 20. Qg3 Kh7 21.
Bc3 $16) 20. Qg3 Kh7 21. Ba5 $14 (21. dxc5 Qxc5 22. Bc3 Rae8 $14)) 19... Kxf7
20. Rxe6 Kxe6 21. Qg6 $1 {White doesn't let the K back to safety.} (21. Qf5+ {
allows the K back after} Kf7 22. dxc5 Nc4 (22... Nbd7 23. Ne4 Qc8) 23. Bg5 Qc8
$17) 21... Qd5 $1 {Black's defence is on top!} (21... Qxd4 $2 {gives White a
ferocious ->.} 22. Nf5 $1 Qg4 23. Re1+ Kd7 24. Qf7+ Kc6 25. Re6+ Kb5 26. Qxb7
$18) (21... cxd4 {is also met by} 22. Nf5 $1 Kd7 23. Nxg7 $1 (23. Nxd4 Kc8 24.
Bxh6 Qe8) 23... Kc8 (23... Bxg7 24. Qxg7+ Kc8 25. Bxh6 $16 {and White gets
some pawns and a strong -> for the piece.}) 24. Ne6 Qe7 25. Qf5 Nbd7 26. Bf4
$36 {and Black has real problems with his development.}) 22. dxc5 $2 {This
already loses.} (22. Bxh6 $2 {was also in vain:} gxh6 23. Re1+ Kd7 24. dxc5
Bxc5 25. Qg7+ Kc6 26. Qxf6+ Kc7 27. Ne4 Re8 $19) (22. Re1+ $2 {drives the
enemy K back to safety.} Kd7 $19) (22. Kb1 {is too slow.} cxd4 $1 $17 (22...
Qxd4 23. Nf5 Qg4 24. Re1+ Kd7 25. Qf7+ Kc6 26. Re6+ $44)) (22. Nf5 $1 {was
required with the following lines.} Qxa2 (22... c4 $2 23. Nxg7+ Bxg7 24. Qxg7
$14) 23. Bc3 Qa1+ (23... Rd8 24. Nxg7+ Bxg7 25. Qxg7 Nfd5 (25... Qa1+ 26. Kd2
Nc4+ 27. Ke2 Qa6 28. d5+ $1 Nxd5 29. Qxh6+ Ke7 30. Qg5+ Ke6 $11) 26. b3 $3 {
Securing some safety for the K.} Qa3+ (26... Nxc3 $4 27. Re1+ {and mate is
inevitable.}) 27. Bb2 Qb4 28. Qxh6+ (28. c4 $5 Nxc4 29. dxc5 (29. Qxh6+ Kd7)
29... Nce3 30. Qe5+ Kf7 31. Qg7+ $11 {with perpetual checks.}) 28... Kd7 29.
dxc5 Qxc5 30. Bd4 Qa3+ 31. Bb2 Qc5 $11 {with repetition of moves.}) 24. Kd2 Qa6
(24... Nc4+ $2 25. Ke2 Qa6 26. d5+ $1 $18) 25. dxc5 (25. d5+ Kxd5) 25... Rd8+
26. Nd4+ Rxd4+ 27. Bxd4 Nc4+ 28. Ke1 Ne5 $13) 22... Qxa2 $1 $19 23. Re1+ Kd7
24. Bc3 (24. Qf5+ Kd8 25. Bc3 Nbd5 $1 26. Ne4 Nxc3 27. Nxf6 gxf6 28. Re3 {
is strongly met by the zwischenzug} Ne2+ $1 29. Rxe2 Qa1+ 30. Kd2 Qa5+ 31. Kc1
Qxc5 32. Rd2+ Kc7 $19 {Illescas}) 24... Qa1+ $1 25. Kd2 Nc4+ 26. Ke2 (26. Kd3
Qxe1 $1 $19) 26... Qa6 27. Qf7+ (27. Kf3 Qc6+ 28. Ne4 Nxe4 29. Qf5+ Qe6 30.
Qxe4 Qxe4+ 31. Rxe4 b5 $1 $19 {with an extra piece for Black.}) 27... Kc6 $1
28. Kf3 (28. Qe6+ {is met by the countercheck} Nd6+ 29. Kf3 Re8 $19) 28... Bxc5
29. Nf5 (29. Qxg7 Ng8 (29... Nd5 30. Re6+ Nd6 31. Be5 Rd8 $19) 30. Nf5 Nd6 $19
{and White's -> is repelled.}) 29... Rf8 (29... Kb5 $5) 30. Nd4+ (30. Qxg7 Kb5
$1 {The K is already safe on the <<.} 31. Nd4+ Bxd4 32. Qxf8 Qc6+ 33. Kg3 Bxc3
34. bxc3 Ne4+) (30. Ne7+ Bxe7 31. Qxe7 Re8 $1 32. Re6+ Kd5 $1 $19) 30... Kb6 $1
31. Qe6+ Bd6 $1 32. Nf5 Re8 33. Nxd6 Rxe6 34. Rxe6 Kc7 35. Ne8+ Nxe8 36. Rxa6
bxa6 {Black has a healthy extra piece, the game is over.} 37. Ke4 Ncd6+ 38. Ke5
Kd7 39. Bd4 g6 40. Bxa7 Nc4+ 41. Kd4 Ned6 42. b4 Na3 43. Ke5 Ne8 44. c3 h5 45.
Bc5 Nc4+ 46. Kd4 Ncd6 47. Ke5 Nf7+ 48. Kf4 Nc7 49. Ke4 Ne6 50. Bf2 Nd6+ 51. Ke5
Ke7 52. Kd5 Kd7 53. Ke5 Nc7 54. Bc5 Nf5 55. Bf2 Ne8 56. c4 (56. Kd5 Nf6+ 57.
Kc4 Kc6 $19) (56. g3 Ned6 57. Bc5 Nb5 58. Kf6 Nxc3 59. Kxg6 Nxg3 60. Bf2 Nce4
61. Bxg3 Nxg3 62. Kg5 Kc6 $19) 56... Nfd6 57. Kd4 Ke6 58. Be1 Nf6 59. Kc5 Nd7+
60. Kc6 Ne5+ 61. Kb6 Ndxc4+ 62. Kxa6 Nd3 63. Bc3 Nxb4+ 64. Kb5 Ne3 65. Kxb4
Nxg2 66. Kc4 Kf5 67. Kd3 Nxh4 68. Ke3 Kg4 69. Kf2 Nf5 70. Be5 Ne7 71. Bd6 Nd5
72. Ba3 Nf4 73. Be7 g5 74. Bf6 h4 75. Be7 Kf5 76. Bd8 Ng6 77. Bc7 g4 78. Bd6
Ke4 79. Bc7 Nf4 80. Bb6 g3+ 81. Kg1 Kf3 82. Kh1 h3 83. Ba5 Nd3 0-1

[Event "CHN-RUS Summit Men 1st"]
[Site "Shanghai"]
[Date "2001.09.08"]
[Round "2"]
[White "Zhang, Zhong"]
[Black "Dreev, Alexey"]
[Result "1/2-1/2"]
[WhiteElo "2667"]
[BlackElo "2690"]
[Annotator "Lukacs,P"]
[PlyCount "65"]
[EventDate "2001.09.07"]
[EventType "schev"]
[EventRounds "6"]
[EventCountry "CHN"]
[SourceTitle "CBM 085"]
[Source "ChessBase"]
[SourceDate "2001.11.13"]
[SourceVersion "1"]
[SourceVersionDate "2001.11.13"]
[SourceQuality "1"]

1. e4 c6 2. d4 d5 3. Nc3 dxe4 4. Nxe4 Bf5 5. Ng3 Bg6 6. h4 h6 7. Nf3 e6 8. Ne5
Bh7 9. Bd3 Bxd3 10. Qxd3 Nd7 11. f4 c5 12. Be3 Qa5+ 13. Bd2 Qa4 $5 (13... Qc7 {
- Illescas Cordoba-Dreev, Dos Hermanos-A 2001 CBM 83}) 14. d5 {This looks
logical.} (14. Nxd7 Qxd7 $11) (14. Qf3 {leads to immense complications.} Ngf6
15. Qxb7 Rb8 16. Qc7 cxd4 17. b3 (17. f5 $6 Nd5 18. Qxd7+ Qxd7 19. Nxd7 Kxd7
20. fxe6+ Kxe6 $15) 17... Qa6 18. Qc6 (18. Ne4 Qb7) 18... Rb6 19. Qa8+ Rb8 20.
Qc6 Rb6 {and both players are satisfied with a draw by perpetual checks:} 21.
Qa8+ Rb8 22. Qc6 {1/2:1/2 Topalov-Dreev, Bosnia Saraevo 2001}) 14... Ne7 15. c4
{White wants to sacrifice a P for the |^, but Black's resources of a
successful defence are enormous.} (15. dxe6 $142 {- Ye Jiangchuan-Dreev,2001
Summit Men 2001 CBM 85}) (15. Nxd7 Qxd7 16. dxe6 Qxe6+ $11) 15... exd5 16. cxd5
Qd4 $1 {This is the point!} (16... Nxe5 17. fxe5 {and the two central pawns
are very dangerous.} Rd8 (17... c4 18. Qf3 Qd7 19. d6 Nc6 20. Bc3 $16 {killing
Black's entire >>.}) 18. d6 Nc6 (18... Ng6 19. e6 $1 {opening the lines
against the K in the middle.} Rxd6 (19... Bxd6 20. exf7+ Kxf7 21. O-O+ $16) 20.
exf7+ Kxf7 21. O-O+ Rf6 22. Bc3 $16) 19. Bc3 Nb4 20. Bxb4 Qxb4+ 21. Kf2 $1 Qf4+
$1 (21... Qxb2+ 22. Kf3 Rd7 23. Rhb1 Qd4 24. Qxd4 cxd4 25. Ne4 $16) 22. Qf3
Qd4+ 23. Qe3 Qxb2+ 24. Kf3 b6 25. Rhd1 $44 {and Black is struggling with the
lack of development.}) 17. Qb5 Qxd5 (17... Rd8 $6 {is met by} 18. O-O-O $1 {
and the black K will remain in the [+].} a6 (18... Nxd5 19. Rhe1 $16) (18...
Qxd5 19. Ba5 $18) 19. Qxb7 Nxe5 20. fxe5 Qc4+ $1 (20... Qxe5 21. Rhe1 $1 Qxg3
22. Qc6+ Rd7 23. Ba5 Qf4+ (23... Qd6 24. Qa8+ Rd8 25. Bxd8 Qxd8 26. Qxa6 $18)
24. Kb1 Qf5+ 25. Ka1 $16 {and the exposed black K can hardly survive the ->.})
(20... Qxd5 $2 21. Ba5 $18) 21. Bc3 Rd7 (21... Qxa2 22. Ne4) 22. Qb8+ Rd8 23.
Qb6 $1 {White wants more than a draw.} (23. Qc7 Rd7 $11) 23... Nxd5 (23... Qf4+
24. Rd2 Nxd5 (24... Qxg3 25. Ba5 $18) 25. Qc6+ Rd7 26. e6 $18) 24. Qc6+ Rd7 25.
e6 fxe6 26. Qxe6+ Kd8 27. Rhe1 Bd6 28. Ne2 $1 $16 {and the black K is still in
danger.}) 18. O-O-O a6 $1 (18... Rd8 $4 19. Ba5 $18) 19. Qe2 (19. Qxd7+ {
leads nowhere after} Qxd7 20. Nxd7 Kxd7 21. Rhe1 Kc6 $15) 19... Nxe5 (19...
Qxa2 20. Nc4 $1 $44) 20. Bc3 $5 {This intermediate move leads to very sharp
positions.} (20. Qxe5 Qxe5 21. fxe5 Nc6 (21... Nd5 22. Ne4) 22. Bc3 b5 $15) (
20. fxe5 Qxa2 $17) 20... Qe6 (20... Qxa2 $5 {was certainly the real question.}
21. Qxe5 Qa1+ 22. Kc2 Qa4+ 23. Kb1 f6 (23... Rd8 $2 24. Rxd8+ Kxd8 25. Qb8+ $18
) 24. Qh5+ g6 25. Qxc5 Qxf4 (25... Rc8 26. Qe3 $44) 26. Rhe1 {White's -> looks
extremely dangerous!} Qxg3 (26... Rd8 27. Rxd8+ Kxd8 28. Qb6+ Qc7 29. Rd1+ Kc8
30. Qxf6 $18) 27. Bxf6 Rh7 28. Qd5 Qg4 (28... Qc7 29. Qg8 Rc8 30. Qxg6+ Rf7 31.
Bxe7 Bxe7 32. Rf1 Qc4 33. Rc1) 29. Re5 Rf7 30. Bxe7 Rxe7 31. Rd4 Qg3 (31... Qc8
32. Rf4 $16) (31... Qxd4 32. Qxd4 $14) 32. Rxe7+ (32. Rde4 Qf2 33. Qxb7 Qf1+
34. Ka2 (34. Re1 $2 Qxe1+ $1) 34... Qf7+ 35. Rd5 (35. Kb1 Qf1+ $11) 35... Rxe4
36. Qc6+ (36. Qxa8+ Ke7) 36... Ke7 37. Qd6+ Ke8 38. Qc6+ $11) 32... Bxe7 33.
Qg8+ Bf8 34. Re4+ (34. Qe6+ Be7 $11) 34... Kd7 35. Qd5+ Kc7 36. Rc4+ Kb8 37.
Qd8+ Ka7 38. Qd4+ Kb8 $11) 21. Bxe5 (21. Qxe5 Qxe5 22. Bxe5 Rd8 23. Bd6 $44)
21... f6 $1 (21... Qxa2 $2 22. Ne4 $1 Ng6 23. Nd6+ Bxd6 24. Bxd6+ Qe6 25. Rhe1
(25. Qf3 O-O-O 26. f5 Qc4+ $1) 25... O-O-O 26. Qc2 Qxd6 27. Rxd6 Rxd6 28. Qf5+
$16) 22. Rd6 $6 (22. Ne4 $5 {was the correct continuation of the ->.} fxe5 $1 (
22... Nc6 23. Bxf6 Kf7 {- 22...Kf7}) (22... Kf7 23. Bxf6 $1 Nc6 24. Bc3 $1 Be7
(24... Qxa2 $2 {is too greedy:} 25. Qh5+ g6 26. Rd7+ $18) 25. Qh5+ Kg8 (25...
g6 26. f5 $1 $18) 26. Rhe1 Qxa2 27. Rd7 $44) 23. Nd6+ Kd7 (23... Kd8 $5 24. Qe4
Nc6) 24. Qe4 (24. Nf7+ Kc7 25. Nxh8 Nc6) 24... Nc6 25. Nf7+ Kc7 26. Nxh8 Qxa2
$1 $132 {and suddenly Black grabs the |^ for the sacrificed material.}) 22...
Qxa2 23. Bxf6 gxf6 24. Nh5 f5 25. Nf6+ Kf7 26. Qh5+ Kg7 (26... Ng6 27. Qxf5 Ne7
28. Qh5+ $11 {leads only to a draw.}) 27. Rhd1 Qf7 (27... Qc4+ $5 {deserved
sertious attention:} 28. Kb1 Qxf4 29. Qe2 h5 30. Nxh5+ Rxh5 31. Qxh5 b5) 28.
Qf3 Ng6 $2 {Now White can make a draw by perpetual checks.} (28... Rh7 $1 {
was the cool-blooded defensive move!} 29. Qxb7 (29. Nxh7 Kxh7 30. Qxb7 Qc4+ 31.
Kb1 Re8 32. Re1 Kg8) 29... Rc8 $17) 29. Nh5+ Kh7 30. Nf6+ Kg7 31. Nh5+ Kh7 32.
Nf6+ Kg7 33. Nh5+ 1/2-1/2

[Event "Bundesliga 0304"]
[Site "Germany"]
[Date "2004.02.15"]
[Round "8.1"]
[White "Almasi, Zoltan"]
[Black "Khenkin, Igor"]
[Result "1-0"]
[WhiteElo "2631"]
[BlackElo "2627"]
[Annotator "Lukacs,P"]
[PlyCount "97"]
[EventDate "2003.11.01"]
[EventType "team-tourn"]
[EventRounds "15"]
[EventCountry "GER"]
[SourceTitle "CBM 100"]
[Source "ChessBase"]
[SourceDate "2004.06.01"]
[SourceVersion "1"]
[SourceVersionDate "2004.06.01"]
[SourceQuality "1"]
[WhiteTeam "Kreuzberg"]
[BlackTeam "Tegernsee"]
[WhiteTeamCountry "GER"]
[BlackTeamCountry "GER"]

1. e4 {[%mdl 32]} c6 2. d4 d5 3. Nc3 dxe4 4. Nxe4 Bf5 5. Ng3 Bg6 6. h4 h6 7.
Nf3 Nd7 8. h5 Bh7 9. Bd3 Bxd3 10. Qxd3 e6 11. Bf4 Qa5+ {Forcing the B to d2,
and then Black can play Qc7. However now ...0-0 plans are not so good anymore.}
12. Bd2 Qc7 13. O-O-O Ngf6 14. Ne4 Be7 (14... O-O-O 15. g3 {is the classical
main line.}) 15. Nxf6+ {Now it is not so easy for Black, which piece has to
take back?} Nxf6 (15... Bxf6 {is meant to be the main line.} 16. Qe4 {/\ Bf4} (
16. g3 Be7 (16... O-O-O 17. Qa3 $1 {is a typical manoeuvre in order to weaken
Black's << pawns.} a6 18. Ba5 b6 19. Bb4 Nb8 20. Rhe1 Rhe8 21. Bd2 $16 {
Vallejo Pons-Bareev, EU-chT 2003 CBM 98}) 17. c4 b5 18. c5 a5 19. Bf4 Qb7 20.
Ne5 O-O {Now White has a clear target, he can advance the pawns against the
black K.} 21. g4 Nxe5 22. Bxe5 Qd7 23. Rhg1 Qd5 24. Kb1 Rad8 25. Qc2 Rd7 26. g5
hxg5 27. h6 gxh6 28. f4 $40 {De Firmian-K.Berg, Hamar op 1983}) 16... O-O-O {
White has certainly only a slight edge here, but Black has to play very well
the technical phase of the forthcoming _|_.} 17. Kb1 (17. Bf4 Qa5 18. Kb1 Rhe8
(18... Qd5 {- Lutz-Dautov, BL 2000 CBM 80}) 19. Bg3 {- Balcarek-Dautov, BL
2000 CBM ext 78} (19. g4 Qd5 20. Qe2 Nb6 21. Ne5 Bxe5 22. Qxe5 Qxe5 23. Bxe5 f6
24. Bg3 Rd5 25. c3 c5 26. dxc5 Rxc5 27. Rhe1 Rd5 $11 {Hracek-Khenkin, BL 2000})
) 17... c5 (17... Nb6 18. Bf4 (18. Ne5 Bxe5 19. dxe5 Rd5 {/\ Rhd8}) 18... Qe7
19. Ne5 Nd5 (19... Rd5 20. c4 Bxe5 21. cxd5 Bxf4 22. Qxf4 $14 {and although
Black has some compensation for the exchange, White has chances to open up
lines for his rooks.}) 20. Bg3 Rhf8 (20... Qb4 $6 21. Rd3 $1 {The R is
excellent on the third rank.} Rhf8 22. c4 Bxe5 (22... Nc7 23. Rb3 Qd2 24. Nxc6
$1 $18) 23. Qxe5 Qxc4 24. Rb3 $16 {and White's battery on the h2-b8 /^ is very
dangerous.}) 21. c4 $14 {and the centralized N has to retreat.}) 18. Bf4 Qb6 (
18... Qc6 $6 {Black wants to run into an _|_ at any costs.} 19. Qxc6+ bxc6 20.
dxc5 Nxc5 21. Ne5 $14 {Now the black pawns are in three islands, and his <<
pawns are vulnerable, Lutz-Jugelt, Altenkirchen 2001 CBM 87.} (21. Be3 Na4 22.
c3 Nb6 $11)) 19. Ne5 (19. Rd3 cxd4) 19... Nxe5 (19... Bxe5 $6 20. Bxe5 Nxe5 21.
Qxe5 cxd4 22. Qxg7 $16 {corrupting Black's >> P formation.}) 20. dxe5 Rxd1+ (
20... Be7 21. Be3 $14) 21. Rxd1 Rd8 22. Rxd8+ Bxd8 23. c4 $14 {and White has
still a long-lasting pressure because of his big space advantage.} (23. Qh7 {
allows the black Q to penetrate as well.} Qb4 24. Bc1 Qg4 $11)) 16. Ne5 Rd8 (
16... O-O $6 {castles into the -> after} 17. g4 $40 {Valdimarsson-Carlock,
corr 1995}) (16... Bd6 17. Nc4 $14) 17. Qg3 Ne4 (17... Bf8 $5 {loks a bit ugly.
} 18. Qf3 $5 (18. Bb4 Ne4 19. Qf3 Bxb4 20. Qxe4 O-O 21. Kb1 Bd6 $11) (18. Bf4
Nd5 19. Rhe1 Nxf4 20. Qxf4 Bd6 21. Qg4 O-O $11) 18... Rxd4 19. Bf4 {White
sacrifices the P in order to hinder Black's development.} Qb6 20. Be3 Rxd1+ 21.
Rxd1 Qc7 (21... Bc5 22. Nc4 $44) 22. Bf4 Qb6 (22... Bd6 $2 23. Rxd6 $1) 23. Nc4
Qc5 24. Qd3 Nd5 (24... Qd5 25. Qb3) 25. Be3 Qb5 26. Bd4 $44 {and Black has
still problems with the development of his >>.}) 18. Qf3 Ng5 $6 {The N will be
an easy target here.} (18... Nf6 {looks more natural.} 19. Bf4 $5 (19. Qg3 Ne4
$11) 19... Qa5 (19... Bd6 20. Qg3 $36) 20. Kb1 (20. Qb3 Qb4 21. Qg3 Rxd4 (21...
Bf8 22. Be3 $14) 22. Rxd4 Qxd4 23. Be3 (23. Rd1 Qa4) 23... Qd5 24. c4 Qa5 25.
Qxg7 Rh7 26. Qg3 Qxa2 27. Rd1 Qa1+ 28. Kc2 Qa4+ $11) 20... O-O 21. g4 Qd5 22.
Qe2 Qe4 23. Qxe4 Nxe4 24. Be3 $14 {with a typical _|_ with slightly better
chances for White which usually arises from the 11...Be7 and 0-0 line.}) 19.
Qe3 O-O (19... c5 20. dxc5 Bxc5 21. Qe2 $14) 20. f4 Nh7 21. g4 $1 {The N is
bad on h7 and White's P storm is fairly dangerous.} c5 22. dxc5 Bxc5 (22...
Qxc5 23. Qxc5 Bxc5 24. g5 $14 {and White holds the |^ even in the _|_.}) 23.
Qe2 Rd5 (23... Bd6 24. Kb1 {looks more solid.} (24. g5 $5 {This is a bit wild..
.} hxg5 (24... Nxg5 25. fxg5 Bxe5 26. gxh6 $16) 25. h6 g6 26. Kb1 gxf4 27. Bxf4
$44) 24... b5 (24... Nf6 25. g5 $1) 25. Nd3 Rc8 26. Bc1 b4 27. g5 $16 {and the
-> remains dangerous.}) 24. c4 (24. Bc3 Rfd8 25. Rxd5 Rxd5 26. Kb1 $40 {/\ g5})
24... Bd6 (24... Rd4 25. g5 $40) (24... Bd4 $1 {was more active:} 25. Kb1 $1 {
is the usual preparatory move.} (25. Ng6 $5 {is strongly met by the zwischenzug
} Qb6 $1 $132 (25... Rfd8 26. Ne7+ $1 Qxe7 27. cxd5 Rxd5 28. Kb1 $16) (25...
fxg6 $2 26. Qxe6+ Kh8 27. Qxd5 $18)) 25... Rdd8 26. Qf3 (26. Nf3 {/\ g5})) 25.
Kb1 Rd4 26. Bc3 (26. Ba5 Rxd1+ 27. Rxd1 b6 28. Bc3 $14 {successfully provoking
the weakening move b7-b6.}) 26... Rxd1+ 27. Rxd1 Rc8 $2 {[#]} (27... a6 28. g5
$1 hxg5 29. h6 $40) (27... Rd8 $1 $14 {fighting for the only opened <-> was
essential.}) 28. b3 ({missing the devastating} 28. Nxf7 $1 Kxf7 (28... Bxf4 $2
29. Nxh6+ $1 Bxh6 30. Qxe6+ Kh8 31. Qxh6 $18) 29. Qd3 {with a double ->
against the undefended pieces.} Nf8 30. Qxd6 $16) 28... b5 $2 {Missing the
tactical threat twice is too much.} (28... Rd8 $14) 29. Nxf7 $1 {Now he finds
it already!} Kxf7 30. Qd3 Nf8 31. Qxd6 bxc4 32. b4 $1 (32. Qd4 cxb3 33. Qxg7+
Ke8 34. Qxc7 Rxc7 35. Bf6) 32... Qxd6 33. Rxd6 $16 {The _|_ is very good for
White because of his active pieces and better P structure.} Rc7 34. Ra6 Rb7 $2
{This loses the a P.} (34... Nd7 35. b5 $16) 35. Bd4 $1 $18 Rxb4+ 36. Kc2 Rb7
37. Rxa7 Rxa7 38. Bxa7 {Black's real problem is that he has two weaknesses,
the a o^ and the fixed g7 h6 pawns.} e5 39. fxe5 Ke6 40. Bd4 Kd5 41. Bc3 g6 42.
g5 $1 {The breakthrough decides creating a new o^.} hxg5 43. h6 g4 44. Kd2 Nh7
45. Ke3 Ng5 46. Kf4 g3 47. Kxg3 Ne4+ 48. Kf3 Nxc3 49. h7 1-0